Statistics for Every Capital City By Every Germanic Country

Click here to take the quiz!

General Stats

  • This quiz has been taken 57 times
  • The average score is 13 of 16

Answer Stats

CountryCity% Correct
2London
100%
11Oslo
100%
13Stockholm
100%
15Wien
100%
7Berlin
98%
14Bern
98%
5Brussels
98%
12Copenhagen
98%
4Amsterdam
96%
6Luxembourg
96%
16Vaduz
90%
8Dublin
82%
3Ottawa
61%
9Canberra
55%
10Wellington
49%
1Warshington DC
4%

Score Distribution

Percentile by Number Answered

Percent of People with Each Score

Your Score History

You have not taken this quiz